| 000 | 013910000a22003250004500 | ||
|---|---|---|---|
| 003 | EG-GICUC | ||
| 005 | 20250223024852.0 | ||
| 008 | 081006s2006 ua a f m 000 00eng d | ||
| 040 |
_aEG-GICUC _beng _cEG-GICUC |
||
| 041 | 0 | _aEng | |
| 049 | _aDeposite | ||
| 097 | _aM.Sc | ||
| 099 | _aCai01.11.14.M.Sc.2006.Ab.T. | ||
| 100 | 0 | _aAbdelhafez Shehata ElNaggar | |
| 245 | 1 | 0 |
_aTrends in the management of external small intestinal fistula / _cAbd El hafez Shehata ElNaggar ; supervised Adel Mohamed Fahmy , Yehia Mohamed Safwat , Wael Lotfy Tobar |
| 246 | 1 | 5 | _aالطرق المتبعة لعلاج الناصور الخارجى للامعاء الدقيقة |
| 260 |
_aCairo : _bAbd El hafez Shehata ElNaggar , _c2006 |
||
| 300 |
_a171P : _bill ; _c25cm |
||
| 502 | _aThesis (M.Sc.) - Cairo University - Faculty Of Medicine - Department Of General Surgery | ||
| 520 | _aThesis for discussion of etiology , pathology , clinical picture , complications and methods of management of external small intestinal fistulae using 20 patients | ||
| 530 | _aIssued also as CD | ||
| 653 | 4 | _aEnterocutaneous fistula | |
| 700 | 0 |
_aAdel Mohamed Fahmy , _esupervisor |
|
| 700 | 0 |
_aWael Lotfy Tobar , _esupervisor |
|
| 700 | 0 |
_aYehia Mohamed Safwat , _esupervisor |
|
| 856 | _uhttp://172.23.153.220/th.pdf | ||
| 905 |
_aEnas _eCataloger |
||
| 905 |
_aMustafa _eRevisor |
||
| 942 |
_2ddc _cTH |
||
| 999 |
_c770 _d770 |
||